| 000 | 00648nam a22002297a 4500 | ||
|---|---|---|---|
| 005 | 20170124110028.0 | ||
| 010 | _aA-004841 | ||
| 020 | _c00.00 | ||
| 035 | _aA-004841 | ||
| 037 | _bCen Lib/Ret | ||
| 040 |
_aDPL _bEN |
||
| 082 |
_a499.17 _bSIE |
||
| 100 |
_aSieff, Mark _921194 |
||
| 245 |
_aRussian reader / _cby Mark Sieff |
||
| 260 |
_aLondon _bKegan paul trench Trubner & co. _c1946 |
||
| 270 |
_aBroadway house 68-64 Carter Lane _bLondon |
||
| 300 |
_axvi,239p. _c18cm(Hb) |
||
| 500 | _aIncludes index | ||
| 650 |
_aRussian reader _921195 |
||
| 650 |
_aRussian language _921196 |
||
| 942 |
_2ddc _cEN _h499.17 _mSIE |
||
| 999 |
_c127677 _d127677 |
||